000 00822nam a2200277 i 4500
001 000027936
003 DO-SdBNP
005 20230511132001.0
007 ta
008 110405s1977 dr ac 000 p spa d
040 _aDO-SdBNP
_bspa
_cBNPHU
_erda
049 _aBNPD
082 4 _aRD861.44
_bB292d
_222
100 1 _aBartolomé, Raúl,
_d1950-
_923589
245 1 4 _aLos días perforados /
_cRaúl Bartolomé.
264 _aSanto Domingo :
_bOffset Raúl,
_c1977
300 _a70 páginas :
_bilustraciones ;
_c20 cm.
336 _2rdacontent
_atexto
_btxt
337 _2rdamedia
_asin mediación
_bn
338 _2rdacarrier
_avolumen
_bnc
590 _aInventariado, 2022/MFF
650 4 _aPoesía dominicana
650 4 _aLiteratura dominicana
910 _aValidado. Control de calidad MFF
942 _2ddc
_cLBS1
999 _c27428
_d27428